000 00624aas a2200181 4500
999 _c50105
_d50105
001 768714001
003 CO-MdFUSB
005 20170912131002.0
008 170912s2002 ag ||||| |||| 00| 0 spa d
022 _a0326-6737
040 _aCO-MdFUSB
_bspa
_cCO-MdFUSB
_dCO-MdFUSB
041 _aspa
100 1 _aSosa, Pablo
_eautor
245 1 0 _aEn busca del tiempo vivido :
_bEduardo Carámbula, 15 años de música en el Rio de la Plata
_c/ Sosa, Pablo
300 _aVolumen 21 (2002), páginas 333-356
_c: 23 cm.
773 0 _tCuadernos de Teología
_049404
_959700
_gVolumen 21 (2002), páginas 333-356
_qPágina 333
942 _cANA